Library Banner

اسلامی معاشیات (Record no. 63103)

MARC details
000 -LEADER
fixed length control field 00455nam a22001457a 4500
005 - DATE AND TIME OF LATEST TRANSACTION
control field 20150121115123.0
008 - FIXED-LENGTH DATA ELEMENTS--GENERAL INFORMATION
fixed length control field 141230b xxu||||| |||| 00| 0 eng d
040 ## - CATALOGING SOURCE
Transcribing agency PK-LaUMT
082 ## - DEWEY DECIMAL CLASSIFICATION NUMBER
Classification number KHC 297.85
Item number ALG-I
100 ## - MAIN ENTRY--PERSONAL NAME
Personal name الگیلانی، مناظر احسن
245 ## - TITLE STATEMENT
Title اسلامی معاشیات
Statement of responsibility, etc مناظر احسن الگیلانی
260 ## - PUBLICATION, DISTRIBUTION, ETC. (IMPRINT)
Place of publication, distribution, etc حیدر آباد
Name of publisher, distributor, etc شیخ شوکت علی اینڈ سنز
Date of publication, distribution, etc 1947
300 ## - PHYSICAL DESCRIPTION
Extent 566 ص
942 ## - ADDED ENTRY ELEMENTS (KOHA)
Koha item type Books
Holdings
Withdrawn status Lost status Damaged status Home library Current library Date acquired Full call number Barcode Date last seen Koha item type
      UMT Main Campus UMT Main Campus 2014-12-30 KHC 297.85 ALG-I 72601 2014-12-30 Books